[Event "DVM U14 2020"]
[Site "Willingen GER"]
[Date "2021.06.24"]
[Round "2"]
[White "Hänselmann, Hendrik"]
[Black "Hommer, Jeremy"]
[Result "1/2-1/2"]
[Termination "normal"]
[Board "3.1"]
[WhiteElo "1828"]
[BlackElo "2180"]
[WhiteClock "00:31:04"]
[BlackClock "00:01:01"]
[WhiteTeam "Karlsruher SF 1853"]
[BlackTeam "SC Turm Lüneburg e.V."]
[PlyCount "97"]
[WhiteFideId "16232755"]
[BlackFideId "12992577"]
[EventCountry "GER"]
[EventRounds "7"]
[EventType "team-swiss"]
[EventDate "2021.06.23"]

1. e4 {[%clk 1:30:58]} 1... c6 {[%clk 1:30:49]} 2. d4 {[%clk 1:31:25]} 2... d5
{[%clk 1:31:13]} 3. Nc3 {[%clk 1:31:52]} 3... dxe4 {[%clk 1:31:32]} 4. Nxe4 {
[%clk 1:32:18]} 4... Nf6 {[%clk 1:31:52]} 5. Nxf6+ {[%clk 1:32:44]} 5... exf6 {
[%clk 1:32:18]} 6. c3 {[%clk 1:33:10]} 6... Bd6 {[%clk 1:32:35]} 7. Bd3 { [%clk
1:33:36]} 7... O-O {[%clk 1:32:52]} 8. Qc2 {[%clk 1:34:03]} 8... Re8+ { [%clk
1:33:14]} 9. Ne2 {[%clk 1:34:29]} 9... h5 {[%clk 1:33:38]} 10. Be3 { [%clk
1:34:55]} 10... Be6 {[%clk 1:31:04]} 11. Ng3 {[%clk 1:33:50]} 11... h4 { [%clk
1:29:58]} 12. Nf5 {[%clk 1:33:41]} 12... Bxf5 {[%clk 1:29:59]} 13. Bxf5 { [%clk
1:34:03]} 13... Nd7 {[%clk 1:29:37]} 14. O-O {[%clk 1:33:30]} 14... Nf8 { [%clk
1:29:19]} 15. h3 {[%clk 1:31:52]} 15... g6 {[%clk 1:26:07]} 16. Bd3 { [%clk
1:31:24]} 16... Kg7 {[%clk 1:25:01]} 17. Qd2 {[%clk 1:25:00]} 17... Ne6 { [%clk
1:24:47]} 18. Bc4 {[%clk 1:20:46]} 18... Ng5 {[%clk 1:11:08]} 19. Bxg5 { [%clk
1:18:40]} 19... fxg5 {[%clk 1:10:13]} 20. d5 {[%clk 1:14:21]} 20... Bc7 { [%clk
1:07:43]} 21. Qd4+ {[%clk 1:08:25]} 21... Be5 {[%clk 1:07:32]} 22. Qd3 { [%clk
1:06:18]} 22... Qf6 {[%clk 1:06:49]} 23. Rad1 {[%clk 1:01:52]} 23... Rad8
{[%clk 1:06:42]} 24. Qf3 {[%clk 0:58:41]} 24... Qxf3 {[%clk 0:57:01]} 25. gxf3
{[%clk 0:59:05]} 25... b5 {[%clk 0:55:25]} 26. Bb3 {[%clk 0:59:03]} 26... c5 {
[%clk 0:55:41]} 27. Rfe1 {[%clk 0:54:57]} 27... c4 {[%clk 0:48:53]} 28. Bc2 {
[%clk 0:55:22]} 28... f5 {[%clk 0:46:59]} 29. d6 {[%clk 0:51:56]} 29... Kf6 {
[%clk 0:47:11]} 30. Rd5 {[%clk 0:51:52]} 30... a6 {[%clk 0:46:35]} 31. Kf1 {
[%clk 0:50:39]} 31... Re6 {[%clk 0:45:36]} 32. d7 {[%clk 0:49:25]} 32... Re7 {
[%clk 0:45:35]} 33. a4 {[%clk 0:45:34]} 33... Bf4 {[%clk 0:39:07]} 34. axb5 {
[%clk 0:42:19]} 34... Rxe1+ {[%clk 0:30:38]} 35. Kxe1 {[%clk 0:42:45]} 35...
Ke6 {[%clk 0:30:40]} 36. Rc5 {[%clk 0:41:12]} 36... axb5 37. Rxb5 { [%clk
0:40:35]} 37... Rxd7 {[%clk 0:30:40]} 38. Rb6+ {[%clk 0:38:24]} 38... Ke5
{[%clk 0:26:21]} 39. b3 {[%clk 0:35:24]} 39... Bd2+ {[%clk 0:24:16]} 40. Kf1 {
[%clk 0:35:34]} 40... cxb3 {[%clk 0:24:10]} 41. Bxb3 {[%clk 0:34:55]} 41...
Bxc3 {[%clk 0:23:04]} 42. Rxg6 {[%clk 0:34:50]} 42... Kf4 {[%clk 0:22:16]} 43.
Kg2 {[%clk 0:33:59]} 43... Rd2 {[%clk 0:20:10]} 44. Rc6 {[%clk 0:30:02]} 44...
Bd4 {[%clk 0:10:13]} 45. Rc2 {[%clk 0:30:22]} 45... Rd3 {[%clk 0:10:30]} 46.
Be6 {[%clk 0:30:24]} 46... Rxf3 {[%clk 0:00:36]} 47. Bxf5 {[%clk 0:30:39]}
47... Rxf2+ {[%clk 0:00:33]} 48. Rxf2+ {[%clk 0:31:04]} 48... Bxf2 { [%clk
0:01:01]} 49. Bg4 1/2-1/2

[Event "DVM U14 2020"]
[Site "Willingen GER"]
[Date "2021.06.24"]
[Round "2"]
[White "Bildat, Emilia"]
[Black "Kiefhaber, Tobias"]
[Result "0-1"]
[Termination "normal"]
[Board "3.2"]
[WhiteElo "1852"]
[BlackElo "1562"]
[WhiteClock "00:06:13"]
[BlackClock "00:14:09"]
[WhiteTeam "SC Turm Lüneburg e.V."]
[BlackTeam "Karlsruher SF 1853"]
[PlyCount "80"]
[WhiteFideId "16218140"]
[BlackFideId "16240693"]
[EventCountry "GER"]
[EventRounds "7"]
[EventType "team-swiss"]
[EventDate "2021.06.23"]

1. c4 {[%clk 1:30:57]} 1... e5 {[%clk 1:30:29]} 2. g3 {[%clk 1:31:10]} 2... Nc6
{[%clk 1:30:16]} 3. Bg2 {[%clk 1:31:18]} 3... f5 {[%clk 1:30:10]} 4. Nc3 {
[%clk 1:31:32]} 4... Nf6 {[%clk 1:30:07]} 5. d3 {[%clk 1:31:32]} 5... Bb4 {
[%clk 1:30:08]} 6. Bd2 {[%clk 1:31:30]} 6... O-O {[%clk 1:29:41]} 7. e3 { [%clk
1:31:05]} 7... Bxc3 {[%clk 1:28:38]} 8. Bxc3 {[%clk 1:30:07]} 8... d5 { [%clk
1:26:18]} 9. cxd5 {[%clk 1:27:10]} 9... Nxd5 {[%clk 1:26:14]} 10. Ne2 { [%clk
1:25:20]} 10... f4 {[%clk 1:19:34]} 11. gxf4 {[%clk 1:19:44]} 11... exf4 {[%clk
1:18:00]} 12. Bxd5+ {[%clk 1:19:27]} 12... Qxd5 {[%clk 1:16:32]} 13. Rg1 {[%clk
1:19:49]} 13... Ne5 {[%clk 1:13:50]} 14. Bxe5 {[%clk 1:09:26]} 14... Qxe5
{[%clk 1:13:11]} 15. d4 {[%clk 1:05:09]} 15... Qe7 {[%clk 1:00:40]} 16. Qb3+
{[%clk 0:54:12]} 16... Be6 {[%clk 0:42:18]} 17. Qc3 {[%clk 0:49:22]} 17... fxe3
{[%clk 0:40:49]} 18. Qxe3 {[%clk 0:45:23]} 18... Rae8 {[%clk 0:38:41]} 19. Kd2
{[%clk 0:36:56]} 19... Qb4+ {[%clk 0:35:17]} 20. Qc3 {[%clk 0:31:16]} 20...
Qxc3+ {[%clk 0:34:56]} 21. Kxc3 {[%clk 0:30:47]} 21... Rxf2 {[%clk 0:34:15]}
22. Ng3 {[%clk 0:30:01]} 22... Rxh2 {[%clk 0:33:46]} 23. Ne4 {[%clk 0:28:52]}
23... Rf8 {[%clk 0:31:56]} 24. Ng5 {[%clk 0:17:29]} 24... Bd5 {[%clk 0:30:16]}
25. Rae1 {[%clk 0:16:46]} 25... h6 {[%clk 0:28:07]} 26. Ne6 {[%clk 0:13:10]}
26... Rf3+ {[%clk 0:26:40]} 27. Kb4 {[%clk 0:13:21]} 27... Rxb2+ { [%clk
0:25:49]} 28. Kc5 {[%clk 0:12:51]} 28... Bxe6 {[%clk 0:25:24]} 29. Rxe6 { [%clk
0:13:06]} 29... Rb6 {[%clk 0:21:25]} 30. Re7 {[%clk 0:11:38]} 30... Rf7 { [%clk
0:19:25]} 31. Re8+ {[%clk 0:11:32]} 31... Kh7 {[%clk 0:19:09]} 32. d5 { [%clk
0:11:02]} 32... Rd6 {[%clk 0:18:38]} 33. Rge1 {[%clk 0:09:58]} 33... Rf5 {[%clk
0:18:06]} 34. Rd1 {[%clk 0:08:34]} 34... b6+ {[%clk 0:17:18]} 35. Kc4 { [%clk
0:08:32]} 35... c6 {[%clk 0:16:54]} 36. Kb3 {[%clk 0:07:42]} 36... Rdxd5 {[%clk
0:15:47]} 37. Rde1 {[%clk 0:07:44]} 37... Rb5+ {[%clk 0:14:59]} 38. Kc3 {[%clk
0:08:03]} 38... Ra5 {[%clk 0:15:18]} 39. R1e2 {[%clk 0:06:17]} 39... Ra3+
{[%clk 0:14:59]} 40. Kb4 {[%clk 0:06:13]} 40... Raf3 {[%clk 0:14:09]} 0-1

[Event "DVM U14 2020"]
[Site "Willingen GER"]
[Date "2021.06.24"]
[Round "2"]
[White "Hoffmann, Alexander"]
[Black "Rennkamp, Johannes"]
[Result "1-0"]
[Termination "normal"]
[Board "3.3"]
[WhiteElo "1554"]
[BlackElo "1603"]
[WhiteClock "00:09:07"]
[BlackClock "00:29:16"]
[WhiteTeam "Karlsruher SF 1853"]
[BlackTeam "SC Turm Lüneburg e.V."]
[PlyCount "55"]
[WhiteFideId "16240219"]
[BlackFideId "16268784"]
[EventCountry "GER"]
[EventRounds "7"]
[EventType "team-swiss"]
[EventDate "2021.06.23"]

1. e4 {[%clk 1:30:58]} 1... c5 {[%clk 1:30:59]} 2. f4 {[%clk 1:31:23]} 2... Nc6
{[%clk 1:30:42]} 3. Nc3 {[%clk 1:31:45]} 3... g6 {[%clk 1:30:42]} 4. d3 { [%clk
1:32:04]} 4... Bg7 {[%clk 1:31:02]} 5. Nf3 {[%clk 1:32:21]} 5... d6 { [%clk
1:30:54]} 6. g3 {[%clk 1:32:39]} 6... Bg4 {[%clk 1:31:03]} 7. Bg2 { [%clk
1:32:52]} 7... Nf6 {[%clk 1:27:26]} 8. O-O {[%clk 1:32:53]} 8... O-O { [%clk
1:27:41]} 9. Be3 {[%clk 1:32:28]} 9... Qc8 {[%clk 1:25:55]} 10. Qd2 { [%clk
1:27:51]} 10... Rb8 {[%clk 1:22:38]} 11. Nh4 {[%clk 1:23:47]} 11... Bh3 { [%clk
1:20:24]} 12. f5 {[%clk 1:18:35]} 12... Bxg2 {[%clk 1:20:41]} 13. Kxg2 { [%clk
1:19:04]} 13... Ng4 {[%clk 1:19:36]} 14. Rab1 {[%clk 0:55:24]} 14... Nxe3+
{[%clk 1:16:37]} 15. Qxe3 {[%clk 0:55:29]} 15... Nd4 {[%clk 1:16:38]} 16. Nd5
{[%clk 0:50:57]} 16... Qd7 {[%clk 1:12:41]} 17. c3 {[%clk 0:49:16]} 17... Nc6
{[%clk 1:12:47]} 18. f6 {[%clk 0:45:42]} 18... exf6 {[%clk 1:10:24]} 19. Nxf6+
{[%clk 0:36:29]} 19... Bxf6 {[%clk 1:10:18]} 20. Rxf6 {[%clk 0:36:53]} 20...
Qe7 {[%clk 1:02:35]} 21. Rbf1 {[%clk 0:34:34]} 21... Ne5 {[%clk 1:02:05]} 22.
Qg5 {[%clk 0:33:34]} 22... Rbe8 {[%clk 0:59:30]} 23. Nf5 {[%clk 0:24:49]} 23...
Qc7 {[%clk 0:53:32]} 24. h4 {[%clk 0:14:15]} 24... h6 {[%clk 0:32:51]} 25.
Nxh6+ {[%clk 0:12:44]} 25... Kh7 {[%clk 0:32:46]} 26. Nf5 {[%clk 0:12:17]}
26... Kg8 {[%clk 0:29:04]} 27. Qh6 {[%clk 0:08:40]} 27... gxf5 {[%clk 0:29:16]}
28. R1xf5 {[%clk 0:09:07]} 1-0

[Event "DVM U14 2020"]
[Site "Willingen GER"]
[Date "2021.06.24"]
[Round "2"]
[White "Rennkamp, David"]
[Black "Liu, Leon"]
[Result "1-0"]
[Termination "normal"]
[Board "3.4"]
[WhiteElo "1371"]
[BlackElo "1230"]
[WhiteClock "00:27:16"]
[BlackClock "00:32:23"]
[WhiteTeam "SC Turm Lüneburg e.V."]
[BlackTeam "Karlsruher SF 1853"]
[PlyCount "63"]
[WhiteFideId "16249526"]
[BlackFideId "16275047"]
[EventCountry "GER"]
[EventRounds "7"]
[EventType "team-swiss"]
[EventDate "2021.06.23"]

1. e4 {[%clk 1:30:58]} 1... c6 {[%clk 1:30:51]} 2. d4 {[%clk 1:31:16]} 2... d5
{[%clk 1:31:14]} 3. Nc3 {[%clk 1:31:38]} 3... dxe4 {[%clk 1:31:29]} 4. Nxe4 {
[%clk 1:31:59]} 4... Bf5 {[%clk 1:31:48]} 5. Ng3 {[%clk 1:31:37]} 5... Bg6 {
[%clk 1:32:00]} 6. h4 {[%clk 1:30:43]} 6... h6 {[%clk 1:31:55]} 7. h5 { [%clk
1:30:54]} 7... Bh7 {[%clk 1:32:10]} 8. Nf3 {[%clk 1:29:58]} 8... Nd7 { [%clk
1:31:47]} 9. Bd3 {[%clk 1:30:07]} 9... Bxd3 {[%clk 1:31:30]} 10. Qxd3 { [%clk
1:30:30]} 10... e6 {[%clk 1:31:32]} 11. Bd2 {[%clk 1:30:13]} 11... Ngf6 { [%clk
1:30:50]} 12. Ne4 {[%clk 1:30:15]} 12... Be7 {[%clk 1:27:23]} 13. O-O-O { [%clk
1:30:26]} 13... c5 {[%clk 1:25:15]} 14. Nxf6+ {[%clk 1:17:20]} 14... Bxf6
{[%clk 1:21:48]} 15. dxc5 {[%clk 1:08:08]} 15... Nxc5 {[%clk 1:19:20]} 16. Qb5+
{[%clk 1:06:01]} 16... Nd7 {[%clk 1:18:45]} 17. Bf4 {[%clk 1:03:08]} 17... b6 {
[%clk 1:14:30]} 18. Rd2 {[%clk 0:58:26]} 18... a6 {[%clk 1:07:48]} 19. Qc6 {
[%clk 0:56:26]} 19... Qc8 {[%clk 1:06:34]} 20. Qd6 {[%clk 0:54:31]} 20... Nc5 {
[%clk 1:01:53]} 21. Re1 {[%clk 0:50:19]} 21... Ra7 {[%clk 0:53:58]} 22. Ne5 {
[%clk 0:44:36]} 22... Bxe5 {[%clk 0:50:12]} 23. Bxe5 {[%clk 0:43:14]} 23... Rd7
{[%clk 0:50:11]} 24. Qxb6 {[%clk 0:40:05]} 24... Nd3+ {[%clk 0:49:54]} 25. Rxd3
{[%clk 0:35:32]} 25... Rxd3 {[%clk 0:49:38]} 26. Bxg7 {[%clk 0:33:43]} 26...
Rh7 {[%clk 0:46:37]} 27. Bf6 {[%clk 0:31:42]} 27... Rd5 {[%clk 0:45:28]} 28.
Qb4 {[%clk 0:31:05]} 28... Rc5 {[%clk 0:42:47]} 29. Qa4+ {[%clk 0:27:29]} 29...
Qc6 {[%clk 0:39:50]} 30. Rd1 {[%clk 0:26:58]} 30... Rxc2+ {[%clk 0:32:49]} 31.
Qxc2 {[%clk 0:27:17]} 31... Qb6 {[%clk 0:32:23]} 32. Qc8+ {[%clk 0:27:16]} 1-0

[Event "DVM U14 2020"]
[Site "Willingen GER"]
[Date "2021.06.24"]
[Round "2"]
[White "Reichmann, Felix"]
[Black "Yin, Haode"]
[Result "1-0"]
[Termination "normal"]
[Board "4.1"]
[WhiteElo "1780"]
[BlackElo "1759"]
[WhiteClock "00:30:51"]
[BlackClock "00:06:20"]
[WhiteTeam "Schachfreunde Nordost Berlin"]
[BlackTeam "SchachAkademiePaderborn e. V."]
[PlyCount "85"]
[WhiteFideId "16238290"]
[BlackFideId "16261348"]
[EventCountry "GER"]
[EventRounds "7"]
[EventType "team-swiss"]
[EventDate "2021.06.23"]

1. c4 {[%clk 1:30:53]} 1... c5 {[%clk 1:30:48]} 2. g3 {[%clk 1:31:06]} 2... Nf6
{[%clk 1:31:02]} 3. Bg2 {[%clk 1:31:28]} 3... d5 {[%clk 1:31:14]} 4. Nf3 {
[%clk 1:31:42]} 4... Nc6 {[%clk 1:30:48]} 5. O-O {[%clk 1:32:00]} 5... d4 {
[%clk 1:25:51]} 6. d3 {[%clk 1:26:26]} 6... e5 {[%clk 1:22:36]} 7. Nh4 { [%clk
1:09:47]} 7... Bd6 {[%clk 1:17:28]} 8. e4 {[%clk 1:08:31]} 8... O-O { [%clk
1:09:46]} 9. a3 {[%clk 1:04:19]} 9... a6 {[%clk 1:06:05]} 10. Qe1 { [%clk
1:02:51]} 10... b5 {[%clk 0:55:48]} 11. Nd2 {[%clk 1:00:41]} 11... Na5 { [%clk
0:50:06]} 12. b3 {[%clk 1:00:13]} 12... Bd7 {[%clk 0:48:03]} 13. h3 { [%clk
0:59:18]} 13... Rb8 {[%clk 0:46:22]} 14. Nf5 {[%clk 0:53:06]} 14... Bxf5 {[%clk
0:34:52]} 15. exf5 {[%clk 0:53:28]} 15... Qc7 {[%clk 0:34:52]} 16. Qd1 { [%clk
0:52:30]} 16... Rfe8 {[%clk 0:31:58]} 17. g4 {[%clk 0:48:34]} 17... Nd7 { [%clk
0:27:31]} 18. g5 {[%clk 0:47:05]} 18... Nf8 {[%clk 0:26:57]} 19. Bd5 { [%clk
0:46:26]} 19... Qd7 {[%clk 0:25:02]} 20. Qg4 {[%clk 0:44:34]} 20... bxc4 {[%clk
0:23:17]} 21. bxc4 {[%clk 0:44:08]} 21... Nb3 {[%clk 0:21:21]} 22. Rb1 { [%clk
0:41:42]} 22... Nxd2 {[%clk 0:21:15]} 23. Bxd2 {[%clk 0:42:06]} 23... Rxb1
{[%clk 0:16:13]} 24. Rxb1 {[%clk 0:42:29]} 24... Rb8 {[%clk 0:16:33]} 25. Rxb8
{[%clk 0:42:43]} 25... Bxb8 {[%clk 0:16:59]} 26. Kh1 {[%clk 0:42:12]} 26... Bc7
{[%clk 0:13:27]} 27. g6 {[%clk 0:38:47]} 27... hxg6 {[%clk 0:12:49]} 28. fxg6
{[%clk 0:37:02]} 28... Qxg4 {[%clk 0:10:16]} 29. Bxf7+ {[%clk 0:36:31] } 29...
Kh8 {[%clk 0:10:42]} 30. hxg4 {[%clk 0:36:52]} 30... Nd7 { [%clk 0:10:32]} 31.
Kg2 {[%clk 0:36:54]} 31... Nb8 {[%clk 0:06:45]} 32. Bd5 { [%clk 0:36:38]} 32...
Nd7 {[%clk 0:06:45]} 33. Be6 {[%clk 0:29:26]} 33... Nf6 { [%clk 0:06:12]} 34.
Kf3 {[%clk 0:29:33]} 34... Ng8 {[%clk 0:05:34]} 35. Bxg8 { [%clk 0:28:46]}
35... Kxg8 {[%clk 0:05:59]} 36. Bg5 {[%clk 0:29:06]} 36... Kf8 {[%clk 0:05:58]}
37. Ke4 {[%clk 0:29:07]} 37... Ke8 {[%clk 0:06:11]} 38. Kd5 { [%clk 0:29:31]}
38... Kd7 {[%clk 0:06:25]} 39. a4 {[%clk 0:29:56]} 39... Bd6 { [%clk 0:06:28]}
40. Bh4 {[%clk 0:30:18]} 40... Kc7 {[%clk 0:06:44]} 41. Bg3 { [%clk 0:30:43]}
41... Bf8 {[%clk 0:06:48]} 42. a5 {[%clk 0:30:49]} 42... Kd7 { [%clk 0:06:20]}
43. Bxe5 {[%clk 0:30:51]} 1-0

[Event "DVM U14 2020"]
[Site "Willingen GER"]
[Date "2021.06.24"]
[Round "2"]
[White "Rohm, Linus"]
[Black "Gutewort, Paul Emil"]
[Result "1/2-1/2"]
[Termination "normal"]
[Board "4.2"]
[WhiteElo "1581"]
[BlackElo "1689"]
[WhiteClock "00:24:12"]
[BlackClock "00:19:36"]
[WhiteTeam "SchachAkademiePaderborn e. V."]
[BlackTeam "Schachfreunde Nordost Berlin"]
[PlyCount "140"]
[WhiteFideId "16298217"]
[BlackFideId "16204182"]
[EventCountry "GER"]
[EventRounds "7"]
[EventType "team-swiss"]
[EventDate "2021.06.23"]

1. e4 {[%clk 1:30:57]} 1... g6 {[%clk 1:30:53]} 2. d4 {[%clk 1:31:17]} 2... Bg7
{[%clk 1:31:18]} 3. Nc3 {[%clk 1:31:16]} 3... d6 {[%clk 1:31:40]} 4. f4 { [%clk
1:31:13]} 4... a6 {[%clk 1:32:04]} 5. Nf3 {[%clk 1:31:07]} 5... b5 { [%clk
1:32:06]} 6. a3 {[%clk 1:30:26]} 6... Bb7 {[%clk 1:32:28]} 7. Be2 { [%clk
1:28:53]} 7... Nd7 {[%clk 1:31:07]} 8. O-O {[%clk 1:27:13]} 8... e6 { [%clk
1:30:58]} 9. e5 {[%clk 1:23:20]} 9... Ne7 {[%clk 1:30:35]} 10. Be3 { [%clk
1:22:04]} 10... Nb6 {[%clk 1:28:54]} 11. Bf2 {[%clk 1:18:36]} 11... Rc8 { [%clk
1:23:31]} 12. Ng5 {[%clk 1:11:25]} 12... Ned5 {[%clk 1:18:29]} 13. Nxd5 { [%clk
1:10:12]} 13... Nxd5 {[%clk 1:18:46]} 14. Qd2 {[%clk 1:08:34]} 14... Qe7 {[%clk
1:16:32]} 15. exd6 {[%clk 1:01:58]} 15... cxd6 {[%clk 1:13:07]} 16. Rae1 {[%clk
1:00:38]} 16... O-O {[%clk 1:13:09]} 17. Bg3 {[%clk 0:58:11]} 17... Nb6 {[%clk
1:09:13]} 18. c3 {[%clk 0:56:15]} 18... Qd7 {[%clk 1:07:58]} 19. Bd3 { [%clk
0:53:44]} 19... Nc4 {[%clk 1:00:34]} 20. Qe2 {[%clk 0:52:33]} 20... Rfe8 {[%clk
0:58:55]} 21. h4 {[%clk 0:47:55]} 21... Bd5 {[%clk 0:55:06]} 22. h5 { [%clk
0:45:55]} 22... e5 {[%clk 0:48:27]} 23. hxg6 {[%clk 0:39:56]} 23... hxg6 {[%clk
0:48:48]} 24. f5 {[%clk 0:37:45]} 24... exd4 {[%clk 0:39:21]} 25. Qg4 { [%clk
0:33:10]} 25... Rxe1 {[%clk 0:35:37]} 26. Rxe1 {[%clk 0:32:30]} 26... Ne3
{[%clk 0:30:26]} 27. Qh3 {[%clk 0:32:25]} 27... Nxf5 {[%clk 0:29:42]} 28. Bxf5
{[%clk 0:29:08]} 28... gxf5 {[%clk 0:28:28]} 29. Qh4 {[%clk 0:24:49]} 29... d3
{[%clk 0:18:00]} 30. Qf4 {[%clk 0:24:01]} 30... a5 {[%clk 0:13:28]} 31. Qxd6 {
[%clk 0:22:32]} 31... Qxd6 {[%clk 0:13:52]} 32. Bxd6 {[%clk 0:22:54]} 32... Bf6
{[%clk 0:14:02]} 33. Bf4 {[%clk 0:22:38]} 33... b4 {[%clk 0:13:14]} 34. axb4 {
[%clk 0:21:20]} 34... axb4 {[%clk 0:13:39]} 35. cxb4 {[%clk 0:20:08]} 35... Rc2
{[%clk 0:13:55]} 36. Nf3 {[%clk 0:19:39]} 36... Rxb2 {[%clk 0:14:03]} 37. Rd1 {
[%clk 0:19:05]} 37... Be4 {[%clk 0:14:05]} 38. Ne1 {[%clk 0:17:50]} 38... Rxb4
{[%clk 0:13:27]} 39. g3 {[%clk 0:17:51]} 39... Rb3 {[%clk 0:12:51]} 40. Kf1 {
[%clk 0:16:47]} 40... Kg7 {[%clk 0:12:12]} 41. Bd2 {[%clk 0:15:03]} 41... Bd4 {
[%clk 0:09:41]} 42. Bf4 {[%clk 0:13:52]} 42... Kf6 {[%clk 0:06:03]} 43. Bd2 {
[%clk 0:12:50]} 43... Ke6 {[%clk 0:05:38]} 44. Ng2 {[%clk 0:12:42]} 44... Bf3 {
[%clk 0:01:58]} 45. Nf4+ {[%clk 0:11:42]} 45... Kf6 {[%clk 0:02:17]} 46. Rc1 {
[%clk 0:11:21]} 46... Be4 {[%clk 0:30:15]} 47. Nh3 {[%clk 0:39:26]} 47... Rb2 {
[%clk 0:29:33]} 48. Ke1 {[%clk 0:39:17]} 48... Rc2 {[%clk 0:26:31]} 49. Nf4 {
[%clk 0:38:46]} 49... Ke7 {[%clk 0:23:36]} 50. Rxc2 {[%clk 0:37:56]} 50... dxc2
{[%clk 0:23:55]} 51. Bc1 {[%clk 0:38:23]} 51... Kf6 {[%clk 0:23:54]} 52. Ke2 {
[%clk 0:38:37]} 52... Bc3 {[%clk 0:23:06]} 53. Ke3 {[%clk 0:37:52]} 53... Kg5 {
[%clk 0:22:50]} 54. Nh3+ {[%clk 0:36:53]} 54... Kf6 {[%clk 0:20:19]} 55. Nf4 {
[%clk 0:33:49]} 55... Be1 {[%clk 0:20:39]} 56. Ke2 {[%clk 0:29:45]} 56... Bc3 {
[%clk 0:20:01]} 57. Ke3 {[%clk 0:29:33]} 57... Ke5 {[%clk 0:20:15]} 58. Ne2 {
[%clk 0:27:48]} 58... Be1 {[%clk 0:20:20]} 59. g4 {[%clk 0:24:24]} 59... fxg4 {
[%clk 0:19:59]} 60. Bb2+ {[%clk 0:24:41]} 60... Kd5 {[%clk 0:18:26]} 61. Nf4+ {
[%clk 0:24:59]} 61... Kc4 {[%clk 0:18:34]} 62. Kxe4 {[%clk 0:25:23]} 62... Bd2
{[%clk 0:18:32]} 63. Ne2 {[%clk 0:24:16]} 63... Kb3 {[%clk 0:18:38]} 64. Be5 {
[%clk 0:22:54]} 64... c1=Q 65. Nxc1+ {[%clk 0:23:15]} 65... Bxc1 { [%clk
0:18:23]} 66. Kf5 {[%clk 0:23:36]} 66... Kc4 {[%clk 0:18:43]} 67. Kxg4 { [%clk
0:23:54]} 67... Kd5 {[%clk 0:19:06]} 68. Bc3 {[%clk 0:23:28]} 68... Ke6 { [%clk
0:19:19]} 69. Kf3 {[%clk 0:23:51]} 69... f5 {[%clk 0:19:31]} 70. Bd4 { [%clk
0:24:12]} 70... Bg5 {[%clk 0:19:36]} 1/2-1/2

[Event "DVM U14 2020"]
[Site "Willingen GER"]
[Date "2021.06.24"]
[Round "2"]
[White "Duduka, Artem"]
[Black "Brinkschröder, Josh"]
[Result "1-0"]
[Termination "normal"]
[Board "4.3"]
[WhiteElo "1613"]
[BlackElo "1568"]
[WhiteClock "01:01:07"]
[BlackClock "00:54:30"]
[WhiteTeam "Schachfreunde Nordost Berlin"]
[BlackTeam "SchachAkademiePaderborn e. V."]
[PlyCount "89"]
[WhiteFideId "14194805"]
[BlackFideId "16274903"]
[EventCountry "GER"]
[EventRounds "7"]
[EventType "team-swiss"]
[EventDate "2021.06.23"]

1. e4 {[%clk 1:30:50]} 1... e6 {[%clk 1:30:56]} 2. d4 {[%clk 1:31:03]} 2... d5
{[%clk 1:31:22]} 3. exd5 {[%clk 1:31:04]} 3... exd5 {[%clk 1:31:46]} 4. Nf3 {
[%clk 1:30:59]} 4... Bd6 {[%clk 1:31:59]} 5. Bd3 {[%clk 1:31:11]} 5... Ne7 {
[%clk 1:32:15]} 6. h3 {[%clk 1:30:52]} 6... Nbc6 {[%clk 1:32:19]} 7. O-O {
[%clk 1:30:10]} 7... Be6 {[%clk 1:32:29]} 8. Re1 {[%clk 1:29:02]} 8... Qd7 {
[%clk 1:32:27]} 9. c3 {[%clk 1:27:58]} 9... O-O-O {[%clk 1:32:33]} 10. Ng5 {
[%clk 1:26:53]} 10... h6 {[%clk 1:29:42]} 11. Nxe6 {[%clk 1:26:32]} 11... fxe6
{[%clk 1:29:45]} 12. Nd2 {[%clk 1:24:32]} 12... Rdf8 {[%clk 1:28:33]} 13. Nf3 {
[%clk 1:23:50]} 13... g5 {[%clk 1:25:32]} 14. Qe2 {[%clk 1:21:55]} 14... Rf6 {
[%clk 1:22:58]} 15. c4 {[%clk 1:20:30]} 15... Nf5 {[%clk 1:15:42]} 16. Bxf5 {
[%clk 1:18:33]} 16... exf5 {[%clk 1:15:36]} 17. c5 {[%clk 1:18:38]} 17... g4 {
[%clk 1:11:55]} 18. Ne5 {[%clk 1:12:10]} 18... Bxe5 {[%clk 1:11:32]} 19. dxe5 {
[%clk 1:12:14]} 19... Rg6 {[%clk 1:09:37]} 20. h4 {[%clk 1:09:26]} 20... Qe7 {
[%clk 1:09:08]} 21. Qd3 {[%clk 1:08:01]} 21... Qe6 {[%clk 1:05:38]} 22. Bf4 {
[%clk 1:07:24]} 22... Rf8 {[%clk 1:04:26]} 23. Rad1 {[%clk 1:05:47]} 23... d4 {
[%clk 1:03:34]} 24. a3 {[%clk 1:05:10]} 24... a5 {[%clk 0:55:59]} 25. Qd2 {
[%clk 1:02:28]} 25... h5 {[%clk 0:54:30]} 26. b4 {[%clk 1:01:07]} 26... axb4
27. axb4 Qc4 28. Rb1 d3 29. Ra1 Rfg8 30. Ra8+ Kd7 31. Rxg8 Rxg8 32. e6+ Kc8 33.
e7 Re8 34. Bg5 Qd4 35. b5 Ne5 36. Rxe5 Qxe5 37. Qxd3 Qh8 38. c6 Qa1+ 39. Kh2
Qe5+ 40. g3 Qd6 41. Qxf5+ Kb8 42. Qd7 Qg6 43. Qd8+ Ka7 44. Qxc7 Rb8 45. Qa5#
1-0